000 00403cam a2200157ua 4500
020 _a0-85236-122-X
041 _aeng
_h
082 _a636.08
_bSTA/ST
100 _aStaniferth, A R .
245 _aStraw for fuel feed and fertiliser /
_cA R Staniferth.
_hTextual Documents
260 _a :
_bFarming Press Limited ,
_c1982.
300 _a153 ; .
504 _a
942 _cBK
999 _c10796
_d10796